Farmer's world. (Record no. 11962)

MARC details
000 -LEADER
fixed length control field 00772cam a2200241 4500
001 - CONTROL NUMBER
control field agr64000429
003 - CONTROL NUMBER IDENTIFIER
control field DLC
005 - DATE AND TIME OF LATEST TRANSACTION
control field 20260227111023.0
008 - FIXED-LENGTH DATA ELEMENTS--GENERAL INFORMATION
fixed length control field 710119s1964 dcub 000 0 eng c
010 ## - LIBRARY OF CONGRESS CONTROL NUMBER
LC control number agr64000429
040 ## - CATALOGING SOURCE
Original cataloging agency U.S. Nat'l Agr. Libr.
Transcribing agency DLC
Modifying agency OCoLC
-- DLC
043 ## - GEOGRAPHIC AREA CODE
Geographic area code n-us---
050 00 - LIBRARY OF CONGRESS CALL NUMBER
Classification number S21
Item number .A35 1964
070 0# - NATIONAL AGRICULTURAL LIBRARY CALL NUMBER
Classification number 1Ag84Y 1964
110 1# - MAIN ENTRY--CORPORATE NAME
Corporate name or jurisdiction name as entry element United States.
Subordinate unit Department of Agriculture.
245 10 - TITLE STATEMENT
Title Farmer's world.
260 ## - PUBLICATION, DISTRIBUTION, ETC.
Place of publication, distribution, etc. [Washington]
Name of publisher, distributor, etc. U.S. Govt. Print. Off.
Date of publication, distribution, etc. [1964]
300 ## - PHYSICAL DESCRIPTION
Extent xiv, 592 p.
Other physical details maps.
Dimensions 24 cm.
490 1# - SERIES STATEMENT
Series statement Its Yearbook of agriculture,
Volume/sequential designation 1964
650 #0 - SUBJECT ADDED ENTRY--TOPICAL TERM
Topical term or geographic name entry element Agriculture
Geographic subdivision United States.
650 #0 - SUBJECT ADDED ENTRY--TOPICAL TERM
Topical term or geographic name entry element Agriculture
General subdivision Economic aspects
Geographic subdivision United States.
830 #0 - SERIES ADDED ENTRY--UNIFORM TITLE
Uniform title Yearbook of agriculture (Washington, D.C. : 1926) ;
Volume/sequential designation 1964.

No items available.

Powered by Koha